000
00325nam a22001337a 4500
008
170330b xxu||||| |||| 00| 0 eng d
020
_a
076783004955
041
_a
eng
080
_a
616-053.2
100
_a
8
101
_a
SHM
245
_a
NO EASY THE LEARNING DISABLED CHILD AT HOME AND SCHOOL
_c
SMITH.S.L
942
_2
udc
_c
BK
999
_c
9062
_d
9062